| 000 | 00743nam a2200169Ia 4500 | ||
|---|---|---|---|
| 008 | 100122s9999 xx 000 0 und d | ||
| 082 |
_b45981 _a81 |
||
| 100 | _aसावरकर विनायक दामोदर | ||
| 245 | _aऐतिहासिक निवेदने ( क.क्र.26/4 ) | ||
| 260 |
_bवीर सावरकर प्रकाशन _c1982 |
||
| 300 | _a210 | ||
| 520 | _aस्वांतंत्र्यवीर सावरकर | ||
| 620 | _aस्वांतंत्र्यवीर सावरकर | ||
| 630 | _aऐतिहासिक निवेदने ( क.क्र.26/4 ) | ||
| 730 | _aऐतिहासिक निवेदने ( क.क्र.26/4 ) | ||
| 942 | _cBOOK | ||
| 999 |
_c425275 _d425272 |
||